| 000 | 00475nam a22001817a 4500 | ||
|---|---|---|---|
| 003 | CEME | ||
| 005 | 20210628205738.0 | ||
| 008 | 210316b xxu||||| |||| 00| 0 eng d | ||
| 020 | _a1-85409-187-5 | ||
| 040 | _c. | ||
| 082 | _a355.4 PER | ||
| 100 |
_aPerrett, Baryan _976905 |
||
| 245 | _aSeize and hold master strokes on the battlefield | ||
| 260 |
_aLONDON _bARMS AND ARMOUR _c1994 |
||
| 300 | _a224P | ||
| 650 |
_aBATTLEFIELD-MASTER STROKES _976906 |
||
| 942 |
_cBK _2ddc |
||
| 999 |
_c582216 _d582216 |
||